[Event "Michigan Novice"]
[Site "Auburn Hills"]
[Date "2005.01.15"]
[Round "1.1"]
[White "Leever, Ryan"]
[Black "Maier, Jonathan"]
[Result "1-0"]
[WhiteElo "1067"]
[BlackElo "379"]
[PlyCount "95"]
[EventDate "2005.01.15"]
[EventType "swiss"]
[EventRounds "5"]
[EventCountry "USA"]
[SourceTitle "EXT 2006"]
[Source "ChessBase"]
[SourceDate "2005.11.24"]
[SourceVersion "1"]
[SourceVersionDate "2005.11.24"]
[SourceQuality "1"]

1. e4 e5 2. Nf3 Nc6 3. Nc3 Nf6 4. Bc4 Bc5 5. 0-0 Ng4 6. d3 Nxf2 7. Rxf2 Bxf2+ 8. Kxf2 d6 9. Bg5 f6 10. Be3 Bg4 11. Nd5 Ne7 12. Nxe7 Qxe7 13. Qd2 c6 14. d4 d5 15. exd5 cxd5 16. Bxd5 a5 17. a3 b5 18. Bxa8 b4 19. axb4 Qxb4 20. c3 Qb8 21. Rxa5 0-0 22. Bd5+ Kh8 23. Qd3 Qd6 24. Be4 Qb6 25. Ra2 Qb3 26. Qb1 g6 27. Bc2 Qb8 28. Be4 f5 29. Ra8 fxe4 30. Rxb8 Rxb8 31. Nxe5 Bf5 32. Nf7+ Kg8 33. Nh6+ Kg7 34. Nxf5+ gxf5 35. Qa2 Rf8 36. Qa7+ Rf7 37. Qc5 f4 38. Qe5+ Rf6 39. Bxf4 Kg6 40. Qg5+ Kf7 41. Ke3 h6 42. Qd5+ Kg6 43. b4 h5 44. Qg8+ Kf5 45. b5 Rg6 46. Qf7+ Rf6 47. Qd5+ Kg4 48. Qg5# 1-0